The SUDS manual (Record no. 106647)

MARC details
000 -LEADER
fixed length control field 01673cam a22003135a 4500
001 - CONTROL NUMBER
control field L137117
008 - FIXED-LENGTH DATA ELEMENTS--GENERAL INFORMATION
fixed length control field 070314s2007 xxkdo f f 000 0 eng d
020 ## - INTERNATIONAL STANDARD BOOK NUMBER
International Standard Book Number 0860176975
-- 9780860176978
035 ## - SYSTEM CONTROL NUMBER
System control number (Sirsi) u137117
041 0# - LANGUAGE CODE
Language code of text/sound track or separate title eng
050 04 - LIBRARY OF CONGRESS CALL NUMBER
Classification number 627.4 $2 18
100 1# - MAIN ENTRY--PERSONAL NAME
Personal name Woods-Ballard, Bridget
245 04 - TITLE STATEMENT
Title The SUDS manual
260 ## - PUBLICATION, DISTRIBUTION, ETC.
Place of publication, distribution, etc. London
Name of publisher, distributor, etc. CIRIA
Date of publication, distribution, etc. 2007
300 ## - PHYSICAL DESCRIPTION
Extent 1
Type of unit v. (loose-leaf)
Other physical details ill.
Dimensions 31cm.
490 #0 - SERIES STATEMENT
Series statement CIRIA
Volume/sequential designation C697
505 2# - FORMATTED CONTENTS NOTE
Formatted contents note Introduction to SUDS -- Roles, responsibilities and regulation -- Design criteria -- Hydraulic design methods -- SUDS selection -- Source control -- Pre-treatment -- Filter strips -- Trenches -- Swales -- Bioretention -- Pervious pavements -- Geocellular/modular systems -- Sand filters -- Infiltration basins -- Detention basins -- Ponds -- Stormwater wetlands -- Inlets and outlets -- Landscape -- Construction -- Operation and maintenance -- Waste management -- Community engagement -- Costs and benefits -- Appendices
520 ## - SUMMARY, ETC.
Summary, etc. Provides detailed best practice guidance on the planning, design, construction, operation and maintenance of Sustainable Drainage Systems (SUDS) to assist with their effective implementation within developments. Includes design examples. (See also L137116).
590 ## - LOCAL NOTE (RLIN)
Local note KA
651 #4 - SUBJECT ADDED ENTRY--GEOGRAPHIC NAME
Geographic name United Kingdom
Chronological subdivision
690 ## - LOCAL SUBJECT ADDED ENTRY--TOPICAL TERM (OCLC, RLIN)
Topical term or geographic name as entry element ENVIRONMENTAL AND LAND CONSULTANCY-WATER RESOURCE MANAGEMENT-DRAINAGE-SUSTAINABLE URBAN DRAINAGE SYSTEMS
700 1# - ADDED ENTRY--PERSONAL NAME
Personal name Kellagher, Richard
700 1# - ADDED ENTRY--PERSONAL NAME
Personal name Martin, Peter
700 1# - ADDED ENTRY--PERSONAL NAME
Personal name Jefferies, Chris
700 1# - ADDED ENTRY--PERSONAL NAME
Personal name Bray, Bob
700 1# - ADDED ENTRY--PERSONAL NAME
Personal name Shaffer, Paul
710 1# - ADDED ENTRY--CORPORATE NAME
Corporate name or jurisdiction name as entry element Construction Industry Research and Information Association
9 (RLIN) 4810
942 ## - ADDED ENTRY ELEMENTS (KOHA)
Suppress in OPAC 0
Holdings
Withdrawn status Lost status Source of classification or shelving scheme Damaged status Not for loan Home library Current library Shelving location Date acquired Total Checkouts Full call number Barcode Date last seen Date last checked out Copy number Price effective from Koha item type
    Dewey Decimal Classification     London London Folio 14/05/2007 6 F627.4 WOO 30071659 06/08/2019 11/03/2009 1 06/08/2019 Book